02213 2200793 4500001002100000005001500021035002000036007000300056008004100059020002200100020002200122040002200144082001400166084001600180100003000196245009100226250003100317250002600348300004600374650001200420700003500432850001200467504002900479264003400508264003400542336002100576337003000597338002300627090001900650990002000669990002000689990002000709990002000729990001800749990002000767990002000787990002000807990002000827990001800847990001800865990002000883990002000903990002000923990002000943990001800963990001800981990001800999990002001017990002001037990002001057990002001077990001801097990001801115990001801133990001801151990002001169990002001189990002001209990002001229990001801249990001801267990001801285990001801303990001801321990002001339990002001359990002001379990002001399INLIS00000000086966420220425103754 a0010-0422000307ta220425s2020 jkia gr ind d a978-602-6421-05-0 a978-602-1135-19-9 aYOPDYOGbinderda04223a641.5 a641.5 REV d0 aReva Divantaryepengarang10a212 menu makanan favorite dan trendy /cReva Divantary; penyunting, Intan Dewi Nuraini aCetakan pertama, Juni 2016 aCetakan IV, Juni 2020 axvi, 242 halaman :bgambar, foto ;c21 cm 4aMasakan0 aIntan Dewi Nurainiepenyunting aYOPDYOG aBibliografi: halaman 24131aJakarta :bPedar Kindy,c201631aJakarta :bPedar Kindy,c2020 2rdacontentateks 2rdamediaatanpa perantara 2rdacarrieravolume aPK 641.5 REV d a43560-PD/B.2022 a43561-PD/B.2022 a43562-PD/B.2022 a43563-PD/B.2022 a37542-PD/B.18 a43560-PD/B.2022 a43561-PD/B.2022 a43562-PD/B.2022 a43563-PD/B.2022 a37541-PD/B.18 a37542-PD/B.18 a43560-PD/B.2022 a43561-PD/B.2022 a43562-PD/B.2022 a43563-PD/B.2022 a37540-PD/B.18 a37541-PD/B.18 a37542-PD/B.18 a43560-PD/B.2022 a43561-PD/B.2022 a43562-PD/B.2022 a43563-PD/B.2022 a55590-PD/A.17 a37540-PD/B.18 a37541-PD/B.18 a37542-PD/B.18 a43560-PD/B.2022 a43561-PD/B.2022 a43562-PD/B.2022 a43563-PD/B.2022 a55589-PD/A.17 a55590-PD/A.17 a37540-PD/B.18 a37541-PD/B.18 a37542-PD/B.18 a43560-PD/B.2022 a43561-PD/B.2022 a43562-PD/B.2022 a43563-PD/B.2022